Química

Gespeichert in:
Bibliographische Detailangaben
1. Verfasser: Ritter, Howard L (VerfasserIn)
Format: Buch
Sprache:Spanisch
Veröffentlicht: Oxford s.n 1955
Schlagworte:
Tags: Tag hinzufügen
Keine Tags, Fügen Sie den ersten Tag hinzu!

MARC

LEADER 00000nam a2200000 a 4500
001 UCU5843
003 CL-VaPUC
008 960614e19550000us |||||||||||||||||spa|d
082 0 4 |a 540  |b RIT  |2 21 
100 0 |a Ritter, Howard L  |e author  |9 363884 
245 1 0 |a Química 
300 |a 640 p 
942 |c BK 
945 |d 19960614 00:00:00  |a cmena 
260 |a Oxford  |b s.n  |c 1955 
650 0 |a Átomos  |9 259583 
650 7 |a PRODUCTOS QUIMICOS INORGANICOS  |2 CL-VaPUC  |9 344421 
650 0 |a Gases  |9 260945 
650 0 |a Sólidos  |9 260188 
650 0 |a Líquidos  |9 260946 
650 7 |a EQUILIBRIOS QUIMICOS  |2 CL-VaPUC  |9 336637 
583 |a last modification  |c 20171227 06:06:43  |k Rodrigo Vera 
999 |c 249013  |d 249011 
952 |0 0  |1 0  |4 0  |6 540_000000000000000_RIT_1955  |7 0  |8 A  |9 266004  |a BIBING  |b BIBING  |d 2019-11-19  |i 1652745  |l 1  |o 540 RIT 1955  |p 1652745  |r 2025-01-20  |s 2022-03-08  |w 2019-11-19  |y BK  |k ING